000 00315nam a22001457a 4500
008 210520b ||||| |||| 00| 0 eng d
020 _a0534467741
041 _aeng
080 _24th
_a541
082 _a541
100 _a12
101 _aKIM
245 _aOrganic Chemistry
_cWilliam H. Brown
942 _2udc
_cBK
999 _c57554
_d57554